<?xml version="1.0" encoding="UTF-8"?><?xml-stylesheet type="text/xsl" href="static/style.xsl"?><OAI-PMH xmlns="http://www.openarchives.org/OAI/2.0/" xmlns:xsi="http://www.w3.org/2001/XMLSchema-instance" xsi:schemaLocation="http://www.openarchives.org/OAI/2.0/ http://www.openarchives.org/OAI/2.0/OAI-PMH.xsd"><responseDate>2026-06-03T19:23:52Z</responseDate><request verb="GetRecord" identifier="oai:riuma.uma.es:10630/34374" metadataPrefix="marc">https://riuma.uma.es/rest/oai/request</request><GetRecord><record><header><identifier>oai:riuma.uma.es:10630/34374</identifier><datestamp>2026-02-03T11:00:11Z</datestamp><setSpec>com_10630_2254</setSpec><setSpec>col_10630_37953</setSpec></header><metadata><record xmlns="http://www.loc.gov/MARC21/slim" xmlns:dcterms="http://purl.org/dc/terms/" xmlns:doc="http://www.lyncode.com/xoai" xmlns:xsi="http://www.w3.org/2001/XMLSchema-instance" xsi:schemaLocation="http://www.loc.gov/MARC21/slim http://www.loc.gov/standards/marcxml/schema/MARC21slim.xsd">
   <leader>00925njm 22002777a 4500</leader>
   <datafield ind2=" " ind1=" " tag="042">
      <subfield code="a">dc</subfield>
   </datafield>
   <datafield ind2=" " ind1=" " tag="720">
      <subfield code="a">Smolak-Lozano, Emilia</subfield>
      <subfield code="e">author</subfield>
   </datafield>
   <datafield ind2=" " ind1=" " tag="720">
      <subfield code="a">López-Villafranca, Paloma</subfield>
      <subfield code="e">author</subfield>
   </datafield>
   <datafield ind2=" " ind1=" " tag="260">
      <subfield code="c">2020-05-05</subfield>
   </datafield>
   <datafield ind2=" " ind1=" " tag="520">
      <subfield code="a">La posibilidad de ver la radio en Youtube ha facilitado que esta plataforma potencie la captación de usuarios que no son oyentes tradicionales. El objetivo de esta investigación es realizar un análisis comparativo del consumo del medio en Youtube España y&#xd;
Polonia. Realizamos análisis de contenido de Youtube de 14 emisoras españolas y 14 en Polonia, desde su creación hasta diciembre de 2017. Las emisoras polacas en el canal suelen ser generalistas frente a un número mayor de emisoras musicales en España. Se aprecia la necesidad en ambos países de mejorar las posibilidades que ofrece el canal para desarrollar estrategias de consumo más eficaces.</subfield>
   </datafield>
   <datafield ind1="8" ind2=" " tag="024">
      <subfield code="a">López Villafranca P. y Smolak Lozano E. (2020). El consumo cultural digital de los programas de radio a través Youtube en España y Polonia. Historia y Comunicación Social, 25(1), 123-138.</subfield>
   </datafield>
   <datafield ind1="8" ind2=" " tag="024">
      <subfield code="a">https://hdl.handle.net/10630/34374</subfield>
   </datafield>
   <datafield ind1="8" ind2=" " tag="024">
      <subfield code="a">10.5209/hics.69231</subfield>
   </datafield>
   <datafield tag="653" ind2=" " ind1=" ">
      <subfield code="a">Radio - Programas</subfield>
   </datafield>
   <datafield tag="653" ind2=" " ind1=" ">
      <subfield code="a">Redes sociales en Internet</subfield>
   </datafield>
   <datafield ind2="0" ind1="0" tag="245">
      <subfield code="a">El consumo cultural digital de los programas de radio a través Youtube en España y Polonia.</subfield>
   </datafield>
</record>
</metadata></record></GetRecord></OAI-PMH>